| Tag |
First Indicator |
Second Indicator |
Subfields |
| LEADER |
00000cam a2200000 a 4500 |
| 001 |
in00001369921 |
| 005 |
20151006083957.0 |
| 007 |
hd afa014baca |
| 008 |
950911s1994 dcu ab f000 0 eng d |
| 035 |
|
|
|a (OCoLC)33113886
|
| 035 |
|
|
|9 AHJ5486AM
|
| 040 |
|
|
|a UP3
|c UP3
|d UtOrBLW
|
| 043 |
|
|
|a a-ko---
|
| 049 |
|
|
|a TXAI
|
| 090 |
|
|
|a JK1108
|b .M35 Suppl. 1994 reel 12
|
| 099 |
|
|
|a film
|a S
|a 1707
|a 1994, reel 12, fr. 00212.
|
| 100 |
1 |
|
|a Sin, In-sŏp.
|
| 245 |
1 |
0 |
|a South Korea under Kim Young Sam :
|b trends, nuclear and other issues /
|c Rinn-Sup Shinn, Robert G. Sutter.
|
| 264 |
|
1 |
|a [Washington, D.C.] :
|b Congressional Research Service, Library of Congress,
|c [1994]
|
| 300 |
|
|
|a 21 pages ;
|c 28 cm.
|
| 336 |
|
|
|a text
|b txt
|2 rdacontent
|
| 337 |
|
|
|a microform
|b h
|2 rdamedia
|
| 338 |
|
|
|a microfilm reel
|b hd
|2 rdacarrier
|
| 500 |
|
|
|a Cover title.
|
| 500 |
|
|
|a At head of title: CRS report for Congress.
|
| 500 |
|
|
|a "July 27, 1994."
|
| 504 |
|
|
|a Includes bibliographical references (page 19).
|
| 500 |
|
|
|a "94-599 F."
|
| 533 |
|
|
|a Microfilm.
|b Arlington, Va. :
|c University Publications of America,
|d 1995.
|e on 1 microfilm reel ; 35 mm. Low reduction.
|f (Major studies and issue briefs of the Congressional Research Service. 1994 supplement ; reel 12, fr. 00212).
|
| 500 |
|
|
|a Microform.
|
| 651 |
|
0 |
|a Korea (South)
|x Politics and government
|y 1988-2002.
|
| 651 |
|
0 |
|a Korea (South)
|x Foreign relations
|z United States.
|
| 651 |
|
0 |
|a United States
|x Foreign relations
|z Korea (South)
|
| 600 |
1 |
0 |
|a Kim, Yŏng-sam,
|d 1922-
|
| 700 |
1 |
|
|a Sutter, Robert G.
|
| 710 |
2 |
|
|a Library of Congress.
|b Congressional Research Service.
|
| 830 |
|
0 |
|a Major studies and issue briefs of the Congressional Research Service.
|p Supplement ;
|v 1994, reel 12, fr. 00212.
|
| 999 |
|
|
|a MARS
|
| 999 |
f |
f |
|s 35b26af0-74db-3773-9e6a-091a88e22553
|i 158347ca-e2ed-3a8b-80e3-d1ef227cdd2b
|t 0
|
| 952 |
f |
f |
|p default
|a Texas A&M University
|b College Station
|c Sterling C. Evans Library
|d Evans: Microforms (3rd floor)
|t 0
|e film S 1707 1994, reel 12, fr. 00212.
|h Other scheme
|i microform -- microfilm reel
|
| 998 |
f |
f |
|a film S 1707 1994, reel 12, fr. 00212.
|t 0
|l Evans: Microforms (3rd floor)
|